000 01770nam a2200397Ia 4500
001 ebr10135713
003 CaPaEBR
006 m u
007 cr cn|||||||||
008 031027s2004 nyuab sb 001 0 eng d
010 _z 2003064655
020 _z1403982422
020 _z1403964904 (alk. paper)
020 _z1403964912 (pbk. : alk. paper)
040 _aCaPaEBR
_cCaPaEBR
035 _a(OCoLC)560538112
050 1 4 _aDU740.42
_b.S7683 2004eb
100 1 _aStrathern, Andrew.
245 1 0 _aEmpowering the past, confronting the future
_h[electronic resource] :
_bthe Duna people of Papua New Guinea /
_cby Andrew Strathern and Pamela J. Stewart.
260 _aNew York :
_bPalgrave Macmillan,
_c2004.
300 _axi, 190 p. :
_bill., map.
504 _aIncludes bibliographical references (p. [169]-177) and index.
533 _aElectronic reproduction.
_bPalo Alto, Calif. :
_cebrary,
_d2009.
_nAvailable via World Wide Web.
_nAccess may be limited to ebrary affiliated libraries.
650 0 _aDuna (Papua New Guinean people)
_xSocial conditions.
650 0 _aDuna (Papua New Guinean people)
_xKinship.
650 0 _aDuna (Papua New Guinean people)
_xEconomic conditions.
650 0 _aMythology, Duna
_zPapua New Guinea
_zAluni Region.
650 0 _aMines and mineral resources
_zPapua New Guinea
_zAluni Region.
650 0 _aSocial change
_zPapua New Guinea
_zAluni Region.
651 0 _aAluni Region (Papua New Guinea)
_xHistory.
651 0 _aAluni Region (Papua New Guinea)
_xSocial conditions.
655 7 _aElectronic books.
_2local
700 1 _aStewart, Pamela J.
710 2 _aebrary, Inc.
856 4 0 _uhttp://site.ebrary.com/lib/rucke/Doc?id=10135713
_zAn electronic book accessible through the World Wide Web; click to view
999 _c87005
_d87005